Analýza vybraných rozsudkov medzinárodného trestného tribunálu pre bývalú Juhosláviu

Stručné vysvetlenie pozadia konfliktu a vzniku samotného Medzinárodného trestného tribunálu pre bývalú Juhosláviu. Poukázanie na podstatné rozsudky, ktoré boli spomínaným tribunálom vydané.

Gespeichert in:
Bibliographische Detailangaben
1. Verfasser: Beňová, Zuzana, 1996-
Format: Buchkapitel
Sprache:Slowakisch
Schlagworte:
Tags: Tag hinzufügen
Keine Tags, Fügen Sie das erste Tag hinzu!

MARC

LEADER 00000naa$a2200000$$$4500
001 0271117
005 20240502074246.9
041 0 |a slo 
044 |a SK 
245 1 0 |a Analýza vybraných rozsudkov medzinárodného trestného tribunálu pre bývalú Juhosláviu  |c Zuzana Beňová 
520 |a Stručné vysvetlenie pozadia konfliktu a vzniku samotného Medzinárodného trestného tribunálu pre bývalú Juhosláviu. Poukázanie na podstatné rozsudky, ktoré boli spomínaným tribunálom vydané. 
610 2 0 |a právo trestné medzinárodné 
610 2 0 |a súdy 
610 2 0 |a analýzy 
610 2 0 |a konflikty 
610 2 0 |a Juhoslávia 
100 1 |a Beňová, Zuzana, 1996-